Akciové portfolio Fondu národného majetku SR. 4

4. časť abecedne usporiadaného súpisu slovenských účastinných spoločností s percentuálnou účasťou FNM na ich portfoliu.

Na minha lista:
Detalhes bibliográficos
Formato: Capítulo de Livro
Idioma:eslovaco
Assuntos:
Tags: Adicionar Tag
Sem tags, seja o primeiro a adicionar uma tag!

MARC

LEADER 00000naa a2200000 4500
001 r015594
005 20221213114321.2
041 0 |a slo 
044 |a SK 
245 1 0 |a Akciové portfolio Fondu národného majetku SR. 4 
520 |a 4. časť abecedne usporiadaného súpisu slovenských účastinných spoločností s percentuálnou účasťou FNM na ich portfoliu. 
610 2 0 |a spoločnosti akciové 
610 2 0 |a portfólio 
610 2 0 |a FNM SR Bratislava